000 002850000a22000970004500
100 1 _aAparecido da Silva, Antonio
245 1 0 _aConceptos de Dios en la guerra del fin del mundo
300 _aVol. 17, Num. 2 (Noviembre, 1997), Páginas 38-54
773 0 _tVida y pensamiento
942 _cANA
999 _c53080
_d53080